000 00228nam a22000857a 4500
008 170110b xxu||||| |||| 00| 0 eng d
100 _92294
_aBhashanjaly. S
245 _aABC of value education-4
260 _aNew Delhi
_bHoly Faith
_c2007
999 _c5197
_d5197